|
|
|
|
| LEADER |
00000nab a2200000 a 4500 |
| 001 |
vtls009004793 |
| 003 |
SK-MaSNL |
| 005 |
20260304152146.0 |
| 008 |
250506c2007 xo |||||||||||000 b|slo |
| 015 |
|
|
|a SNBRB2007/07
|2 snkbucl
|
| 035 |
|
|
|a (uuid)9421841f-fe89-43e4-84d9-263d66c71a24
|
| 035 |
|
|
|a urn:nbn:sk:snk-ab10kh
|
| 035 |
|
|
|a (urnnbn)urn:nbn:sk:snk:ar-a05esg
|
| 038 |
|
|
|a SNKBUCL
|
| 040 |
|
|
|a SNKBUCL
|b slo
|c SNKBUCL
|e AACR2
|
| 041 |
0 |
|
|a slo
|
| 044 |
|
|
|a xo
|c SK
|
| 080 |
|
|
|a 004.382.73.05:658.58
|2 2001
|
| 080 |
|
|
|a 658.58
|2 2001
|
| 100 |
1 |
|
|a Macko, Ondrej
|4 aut
|9 270160
|
| 245 |
1 |
0 |
|a Ako na servis notebookov
|n 2. časť
|c Ondrej Macko
|
| 300 |
|
|
|b Fotogr.
|
| 500 |
|
|
|a Ukončenie
|
| 650 |
0 |
7 |
|a notebooky
|2 snkbucl
|9 963
|
| 650 |
0 |
7 |
|a opravy a údržba
|2 snkbucl
|9 67615
|
| 773 |
0 |
|
|t PC revue
|g Roč. XV, č. 6 (2007), s. 22-23
|x 1335-0226
|
| 850 |
|
|
|a Slovenská národná knižnica
|
| 852 |
|
|
|a Slovenská národná knižnica
|
| 954 |
|
|
|a odborná, vedecká literatúra pôvodná (slovenská)
|2 lita
|
| 958 |
|
|
|a article27
|
| 958 |
|
|
|a OND
|
| 958 |
|
|
|a EUIPO
|
| 999 |
|
|
|c 2947513
|d 2949443
|